Power Engineering: Advances and challenges Part A Thermal Hydro and Nuclear Power (Record no. 4592)
[ view plain ]
| 000 -LEADER | |
|---|---|
| fixed length control field | 00462nam a22001577a 4500 |
| 008 - FIXED-LENGTH DATA ELEMENTS--GENERAL INFORMATION | |
| fixed length control field | 260305b |||||||| |||| 00| 0 eng d |
| 020 ## - INTERNATIONAL STANDARD BOOK NUMBER | |
| ISBN | 97811388705852 |
| 100 ## - MAIN ENTRY--AUTHOR | |
| Author | Badescu, Viorel |
| 245 ## - TITLE STATEMENT | |
| Title | Power Engineering: Advances and challenges Part A Thermal Hydro and Nuclear Power |
| 260 ## - PUBLICATION, DISTRIBUTION, ETC. (IMPRINT) | |
| Place of publication | Boca Raton |
| Name of publisher | CRC Press |
| Date of publication | 2019 |
| 300 ## - COLLATION | |
| Pagination | xvii, 438p. |
| Other physical details | illus |
| 650 ## - TRACINGS | |
| Main Subject | Electric Power Systems |
| 942 ## - ADDED ENTRY ELEMENTS (KOHA) | |
| Item type | Books |
| 050 ## - LIBRARY OF CONGRESS CALL NUMBER | |
| Classification number | TK1001 |
| Item number | .B23 |
| Source of classification or shelving scheme | Not for loan | Permanent location | Current location | Date acquired | Accession No. | Full call number | Barcode. | Copy number | Koha item type |
|---|---|---|---|---|---|---|---|---|---|
| Library of Congress Classification | Samuel Ogbemudia Main Library, University of Abuja | Samuel Ogbemudia Main Library, University of Abuja | 03/05/2026 | 2024/62603-04 | TK1001 .B23 | 2026-0078 | 2 | Books |